| 000 | 00476nam a2200145Ia 4500 | ||
|---|---|---|---|
| 008 | 170221s9999 xx 000 0 und d | ||
| 100 | _aIdo Prijana Hadi | ||
| 245 | _aLocal Media and Media Convergence a Case Study of Suara Surabaya Radio as an Interactive Media | ||
| 245 | _cIdo Prijana Hadi | ||
| 260 | _bOnline Journal of Communication and Media Technologies | ||
| 260 | _c2016 | ||
| 650 | _xCommunication | ||
| 650 | _xMedia Arts | ||
| 856 | _uhttp://www.ojcmt.net/ | ||
| 999 |
_c309147 _d309147 |
||